[Event "Windsor NAYCC U12"]
[Site "Windsor"]
[Date "2016.08.10"]
[Round "7.110"]
[White "Asemota, Eghosa"]
[Black "Shi, David"]
[Result "0-1"]
[WhiteElo "803"]
[BlackElo "1309"]
[PlyCount "80"]
[EventDate "2016.08.07"]
[EventType "swiss"]
[EventRounds "9"]
[EventCountry "CAN"]
[SourceTitle "EXT 2022"]
[Source "ChessBase"]
[SourceDate "2021.10.06"]
[SourceVersion "1"]
[SourceVersionDate "2021.10.06"]
[SourceQuality "1"]

1. e4 c5 2. Nf3 d6 3. c4 Nc6 4. Nc3 Nf6 5. d3 Bg4 6. g3 e6 7. Bg2 Be7 8. 0-0 0-0 9. Bf4 Nd4 10. Be3 Nc6 11. a3 Ne5 12. h3 Nxf3+ 13. Bxf3 Bxh3 14. Re1 e5 15. Bg5 Be6 16. Nd5 Nxd5 17. Bxe7 Nxe7 18. b4 Nc6 19. Bg2 Qd7 20. f4 Bg4 21. Qd2 cxb4 22. axb4 Nd4 23. Qf2 f6 24. f5 b5 25. c5 dxc5 26. bxc5 b4 27. Rab1 a5 28. Rec1 b3 29. c6 Qc7 30. Rb2 a4 31. Ra1 a3 32. Rbb1 b2 33. Ra2 Ne2+ 34. Kh1 Nc3 35. Raxb2 axb2 36. Rxb2 Ra1+ 37. Kh2 Qf7 38. Bh3 Bxh3 39. Kxh3 Qh5+ 40. Kg2 Qh1# 0-1

[Event "Windsor NAYCC U12"]
[Site "Windsor"]
[Date "2016.08.09"]
[Round "5.105"]
[White "Renard, Christopher"]
[Black "Shi, David"]
[Result "0-1"]
[WhiteElo "799"]
[BlackElo "1309"]
[PlyCount "80"]
[EventDate "2016.08.07"]
[EventType "swiss"]
[EventRounds "9"]
[EventCountry "CAN"]
[SourceTitle "EXT 2022"]
[Source "ChessBase"]
[SourceDate "2021.10.06"]
[SourceVersion "1"]
[SourceVersionDate "2021.10.06"]
[SourceQuality "1"]

1. e4 c5 2. Nf3 d6 3. h3 Nf6 4. Nc3 e6 5. d3 Be7 6. Qe2 Nc6 7. Be3 0-0 8. 0-0-0 a6 9. d4 cxd4 10. Bxd4 Nxd4 11. Rxd4 e5 12. Nxe5 Qb6 13. Rd3 dxe5 14. Rg3 Be6 15. Qe3 Qxe3+ 16. fxe3 Bb4 17. Rg5 Bxc3 18. bxc3 Nxe4 19. Rxe5 Nxc3 20. Kb2 Nxa2 21. Rxe6 fxe6 22. Kxa2 Rf2 23. Kb3 a5 24. Bc4 a4+ 25. Ka3 Kf7 26. Rd1 Rxc2 27. Rd7+ Kf6 28. Bd3 Rc3+ 29. Kb4 Rb3+ 30. Kc4 Rc8+ 31. Kd4 a3 32. Bc4 a2 33. Bxb3 a1Q+ 34. Ke4 Qb1+ 35. Kf4 Qxb3 36. g4 Qc4+ 37. e4 e5+ 38. Kg3 Qc3+ 39. Kh4 g5+ 40. Kh5 Qxh3# 0-1